Countries with the letter H - Statistics

General Stats
  • This quiz has been taken 64 times
    56 since last reset
  • The average score is 22 of 32
Answer Stats
Answer % Correct
Haiti
98%
Hungary
94%
Honduras
92%
North Korea
82%
South Korea
82%
China
80%
Chile
78%
South Africa
78%
South Sudan
78%
Thailand
75%
Afghanistan
73%
Bhutan
73%
Kazakhstan
69%
Netherlands
69%
Bahrain
67%
Liechtenstein
67%
North Macedonia
67%
Bangladesh
65%
Chad
65%
Ethiopia
65%
Bosnia and Herzegovina
63%
Lithuania
63%
Ghana
61%
Marshall Islands
61%
Philippines
61%
Bahamas
59%
Czech Republic
57%
Lesotho
57%
Democratic Republic of the Congo
55%
Seychelles
53%
Republic of the Congo
51%
Saint Vincent and the Grenadines
35%
No matching quizzes found
Score Distribution
Percent of People with Each Score
Percentile by Number Answered
Your Score History
You have not taken this quiz since the last reset